| 000 | 005380000a22002050004500 | ||
|---|---|---|---|
| 003 | LK-CoMWRAF | ||
| 005 | 20230918141813.0 | ||
| 008 | 230817t1998 ||||| |||| 00| 0 eng d | ||
| 020 | _a9960717135 | ||
| 040 |
_aLK-CoMWRAF _dLK-CoMWRAF _eLK-CoMWRAF |
||
| 041 | _aeng | ||
| 082 |
_a297.2 _bSUL |
||
| 100 | _aSultan, Sheikh Muhammad | ||
| 100 | _aAl-Khajnadee, Al-Ma'soomi | ||
| 245 | _aShould a Muslim follow a particular madhhab? | ||
| 260 |
_aRiyadh : _bDarussalam, _c1998 |
||
| 300 | _a79p | ||
| 650 | _aMuslim-Madhhab | ||
| 942 | _cBK | ||
| 999 |
_c434 _d434 |
||